| 000 | 00000nam##2200000za#4500 |
| 001 | 9.681375 |
| 003 | CaOODSP |
| 005 | 20210615132422 |
| 007 | ta |
| 008 | 150407|2001||||xxc||||| f|0| 0 fre|d |
| 020 | |a0-662-85435-7 |
| 040 | |aCaOODSP|bfre |
| 043 | |an-cn--- |
| 086 | 1 |aR2-118/2001F |
| 110 | 1 |aCanada.|bAffaires indiennes et du Nord. |
| 245 | 10|aL'art inuit : |bun mode d'expression à découvrir |
| 260 | |aOttawa - Ontario : |bAffaires indiennes et du Nord |c2000. |
| 300 | |a6p. : |bfigures ; |c28 cm. |
| 563 | |aDépliant |
| 590 | |a03-09|b2003-02-28 |
| 691 | 07|aCulture autochtone|2gcpds |
| 691 | 07|aInuit|2gcpds |
| 775 | 08|tDiscover Inuit art |w(CaOODSP)9.647990 |
| 776 | 0#|tL'art inuit - un mode d'expression à découvrir |w(CaOODSP)9.641883 |